[Event "Zicosur op 3rd"]
[Site "Antofagasta"]
[Date "2017.01.13"]
[Round "6"]
[White "Cuenca Jimenez, Jose Fernando"]
[Black "Saltos Velez, Adrian"]
[Result "1/2-1/2"]
[WhiteElo "2492"]
[BlackElo "2062"]
[PlyCount "249"]
[EventDate "2017.01.10"]
[EventType "swiss"]
[EventRounds "9"]
[EventCountry "CHI"]
[SourceTitle "CBM 176 Extra"]
[Source "ChessBase"]
[SourceDate "2017.03.02"]
[SourceVersion "1"]
[SourceVersionDate "2017.03.02"]
[SourceQuality "1"]

1. e4 c5 2. Nf3 g6 3. c4 Bg7 4. d4 Qb6 5. dxc5 Qxc5 6. Nc3 Bxc3+ 7. bxc3 Nc6 8.
Bd3 d6 9. Rb1 Qa5 10. Qc2 Nf6 11. O-O O-O 12. h3 Qc7 13. Bf4 b6 14. Bh2 Nd7 15.
Be2 Nce5 16. Nd2 Ba6 17. Qa4 Nc5 18. Qa3 Bb7 19. f4 Ned7 20. Bf3 e5 21. f5 g5
22. Kh1 Nd3 23. Qb3 Rac8 24. Qc2 N3c5 25. Rfe1 Nf6 26. Bg1 Qc6 27. Re3 Qa4 28.
Qb2 Ba6 29. Bd1 Qc6 30. Bc2 Nb7 31. Rg3 Bxc4 32. Rxg5+ Kh8 33. Re1 Ba6 34. Rg3
Rg8 35. Rxg8+ Rxg8 36. Bf2 Nc5 37. c4 b5 38. Bh4 Ncd7 39. cxb5 Qxb5 40. Qxb5
Bxb5 41. Bb3 Kg7 42. Bf2 Nc5 43. Re3 Nxb3 44. Rxb3 a6 45. Bh4 Ne8 46. Rc3 h6
47. Kg1 f6 48. Bf2 Kf7 49. Be3 h5 50. Kf2 Ke7 51. Bb6 Kd7 52. a3 Bc6 53. Rd3
Bb5 54. Re3 Kc6 55. Ba5 d5 56. Rc3+ Kd7 57. exd5 Kd6 58. Bb4+ Kxd5 59. Rc5+ Kd4
60. Rc8 e4 61. Bc5+ Ke5 62. Be3 Kxf5 63. Rc5+ Kg6 64. Nxe4 Rg7 65. Bf4 Re7 66.
Nc3 Bd3 67. Rd5 Be4 68. Rd4 Bb7 69. Na4 Ng7 70. Rb4 Ne6 71. Bd6 Rd7 72. Rb6 Kf5
73. h4 Bc8 74. Bb4 Bb7 75. Rxe6 Kxe6 76. Nc5+ Kd6 77. Nxb7+ Kc6 78. Nc5 Rd4 79.
Nxa6 Rxh4 80. Nc5 Rf4+ 81. Ke3 Rg4 82. Kf3 f5 83. Nd3 Kb5 84. Ne5 Re4 85. Nf7
Kc6 86. Nd6 Re5 87. Nc4 Re4 88. Nd6 Re5 89. Kf4 Re2 90. g3 Rf2+ 91. Ke3 Rf1 92.
Ke2 Rh1 93. Nxf5 Kd5 94. Kf2 Ke4 95. Nd6+ Ke5 96. Kg2 Rb1 97. Nc4+ Kf5 98. Nd2
Rd1 99. Kf3 Kg5 100. Ne4+ Kg6 101. a4 Rd4 102. Bd2 Rxa4 103. Kf4 Ra8 104. Bb4
Ra4 105. Bd6 Ra7 106. Nc5 Rf7+ 107. Ke4 Rf1 108. Nd3 Kg5 109. Be7+ Kg4 110. Bh4
Rf8 111. Ne5+ Kh3 112. Ng6 Rf1 113. Nf4+ Kg4 114. Nd5 Rf8 115. Ne3+ Kh3 116.
Nd5 Kg4 117. Ke5 Rf3 118. Nf6+ Kh3 119. Ne4 Kg4 120. Kd4 Ra3 121. Kd5 Kf5 122.
Nd6+ Kg4 123. Ne4 Kf5 124. Nc5 Kg4 125. Ne4 1/2-1/2

[Event "Zicosur op 3rd"]
[Site "Antofagasta"]
[Date "2017.01.14"]
[Round "7"]
[White "Puebla Arredondo, Claudio"]
[Black "Cuenca Jimenez, Jose Fernando"]
[Result "0-1"]
[WhiteElo "2180"]
[BlackElo "2492"]
[PlyCount "57"]
[EventDate "2017.01.10"]
[EventType "swiss"]
[EventRounds "9"]
[EventCountry "CHI"]
[SourceTitle "CBM 176 Extra"]
[Source "ChessBase"]
[SourceDate "2017.03.02"]
[SourceVersion "1"]
[SourceVersionDate "2017.03.02"]
[SourceQuality "1"]

1. e4 e6 2. d4 d5 3. Nc3 Nf6 4. e5 Nfd7 5. f4 c5 6. Nf3 Nc6 7. Be3 Qb6 8. Na4
Qc7 9. Nxc5 Nxd4 10. Nxd4 Nxc5 11. Bb5+ Bd7 12. O-O Ne4 13. f5 Bc5 14. Bxd7+
Qxd7 15. fxe6 fxe6 16. Qd3 O-O-O 17. c3 Kb8 18. b4 Bb6 19. a4 Rc8 20. Ra3 Rc4
21. a5 Bxd4 22. Bxd4 Rhc8 23. a6 b6 24. Rf3 R4c7 25. h3 h5 26. h4 Qe7 27. g3 g5
28. hxg5 Qxg5 29. Bxb6 0-1

[Event "Zicosur op 3rd"]
[Site "Antofagasta"]
[Date "2017.01.14"]
[Round "8"]
[White "Cuenca Jimenez, Jose Fernando"]
[Black "Condori Aranya, Edwin"]
[Result "1-0"]
[WhiteElo "2492"]
[BlackElo "2122"]
[PlyCount "45"]
[EventDate "2017.01.10"]
[EventType "swiss"]
[EventRounds "9"]
[EventCountry "CHI"]
[SourceTitle "CBM 176 Extra"]
[Source "ChessBase"]
[SourceDate "2017.03.02"]
[SourceVersion "1"]
[SourceVersionDate "2017.03.02"]
[SourceQuality "1"]

1. Nf3 Nf6 2. c4 g6 3. g3 Bg7 4. Bg2 O-O 5. O-O d6 6. d4 Nbd7 7. Nc3 e5 8. e4
exd4 9. Nxd4 Nc5 10. h3 a5 11. Re1 Re8 12. b3 Nfd7 13. Be3 Ne5 14. Re2 Bd7 15.
Rd2 Qc8 16. Kh2 a4 17. Rb1 axb3 18. axb3 h5 19. f4 Nc6 20. Ndb5 Na6 21. c5 dxc5
22. Rxd7 Nd4 23. Rd5 1-0

[Event "Zicosur op 3rd"]
[Site "Antofagasta"]
[Date "2017.01.15"]
[Round "9"]
[White "Obregon, Carlos Andres"]
[Black "Cuenca Jimenez, Jose Fernando"]
[Result "1/2-1/2"]
[WhiteElo "2502"]
[BlackElo "2492"]
[PlyCount "106"]
[EventDate "2017.01.10"]
[EventType "swiss"]
[EventRounds "9"]
[EventCountry "CHI"]
[SourceTitle "CBM 176 Extra"]
[Source "ChessBase"]
[SourceDate "2017.03.02"]
[SourceVersion "1"]
[SourceVersionDate "2017.03.02"]
[SourceQuality "1"]

1. e4 e6 2. d4 d5 3. Nc3 Bb4 4. e5 c5 5. a3 Bxc3+ 6. bxc3 Ne7 7. h4 Qc7 8. h5
h6 9. Nf3 b6 10. Bb5+ Bd7 11. Bd3 Ba4 12. O-O c4 13. Be2 Na6 14. Nh4 O-O-O 15.
Bg4 Qd7 16. Bd2 Nc7 17. g3 Kb7 18. Ng2 Qe8 19. Kh2 Qg8 20. Bh3 Qh7 21. Ra2 Rhf8
22. Ne3 f6 23. exf6 gxf6 24. Ng4 Nf5 25. f3 Qf7 26. Nf2 Nd6 27. g4 Qh7 28. Bf4
Ncb5 29. Qd2 Nf7 30. Be3 e5 31. f4 a5 32. Bg2 Ka6 33. Rb2 e4 34. f5 Ng5 35.
Bxg5 hxg5 36. Nd1 Qe7 37. Ra2 Nc7 38. Ne3 Qd6+ 39. Kg1 b5 40. Qf2 Kb7 41. Rfa1
Kc8 42. Bf1 Kd7 43. Be2 Ke7 44. Kg2 Kf7 45. Qe1 Kg7 46. Qd2 Kh6 47. Bd1 Na8 48.
Be2 Nb6 49. Bd1 Ra8 50. Rb1 Rfb8 51. Be2 Nc8 52. Qe1 Ne7 53. Qg3 Qxg3+ 1/2-1/2

[Event "Gibraltar Masters 15th"]
[Site "Caleta"]
[Date "2017.01.24"]
[Round "1"]
[White "Cuenca Jimenez, Jose Fernando"]
[Black "Behrendt, Clemens"]
[Result "1-0"]
[WhiteElo "2492"]
[BlackElo "2121"]
[PlyCount "63"]
[EventDate "2017.01.24"]
[EventType "swiss"]
[EventRounds "10"]
[EventCountry "ENG"]
[SourceTitle "CBM 177"]
[Source "ChessBase"]
[SourceDate "2017.03.16"]
[SourceVersion "1"]
[SourceVersionDate "2017.03.16"]
[SourceQuality "1"]

1. Nf3 Nf6 2. c4 g6 3. g3 Bg7 4. Bg2 O-O 5. O-O c6 6. d4 d5 7. cxd5 cxd5 8. Nc3
Ne4 9. Ne5 Nxc3 10. bxc3 f6 11. Nd3 Nc6 12. e4 dxe4 13. Bxe4 Na5 14. Re1 Qc7
15. Bf4 Qxc3 16. Bd2 Qc7 17. Rc1 Qd8 18. d5 e5 19. dxe6 Bxe6 20. Nf4 Bf7 21.
Bb4 g5 22. Bxf8 Bxf8 23. Nd5 f5 24. Bg2 Nc6 25. Qb3 Rb8 26. Rcd1 Bg7 27. Qb1
Qc8 28. Rc1 Qd8 29. Rcd1 Qc8 30. Ne7+ Nxe7 31. Rxe7 Qc5 32. Rdd7 1-0

[Event "Gibraltar Masters 15th"]
[Site "Caleta"]
[Date "2017.01.25"]
[Round "2"]
[White "Aroven, Mikael"]
[Black "Cuenca Jimenez, Jose Fernando"]
[Result "0-1"]
[WhiteElo "2172"]
[BlackElo "2492"]
[PlyCount "220"]
[EventDate "2017.01.24"]
[EventType "swiss"]
[EventRounds "10"]
[EventCountry "ENG"]
[SourceTitle "CBM 177"]
[Source "ChessBase"]
[SourceDate "2017.03.16"]
[SourceVersion "1"]
[SourceVersionDate "2017.03.16"]
[SourceQuality "1"]

1. b3 e5 2. Bb2 Nc6 3. Nf3 d6 4. e3 f5 5. d4 e4 6. d5 exf3 7. dxc6 bxc6 8. Qxf3
d5 9. Bd3 Bb4+ 10. c3 Qf6 11. Qh5+ g6 12. Qe2 Bd6 13. O-O Nh6 14. h3 O-O 15. c4
Be5 16. Bxe5 Qxe5 17. Nd2 Bd7 18. Nf3 Qd6 19. Rac1 Nf7 20. Qc2 Rac8 21. Rfd1
Rfe8 22. Be2 Re7 23. Rd4 Be6 24. cxd5 cxd5 25. Qc5 c6 26. Ba6 Rcc7 27. h4 Qd8
28. Rb4 Nd6 29. Ne5 Re8 30. f3 Bf7 31. Nd3 Qe7 32. Re1 Qf6 33. Qd4 Kg7 34. Kf2
h6 35. Nc5 Rce7 36. Qxf6+ Kxf6 37. a4 g5 38. hxg5+ hxg5 39. Bd3 Bg6 40. Re2 Bh5
41. a5 g4 42. Re1 gxf3 43. gxf3 Bg6 44. a6 Rh8 45. Bf1 Rh2+ 46. Kg3 Rc2 47. Nd3
Bh5 48. Rh4 Rg7+ 49. Kf4 Bg6 50. Rc1 Rxc1 51. Nxc1 Rg8 52. Nd3 Nf7 53. Rh2 Rb8
54. Rc2 Nd8 55. b4 Rb6 56. Ra2 Ne6+ 57. Kg3 Nc7 58. f4 Rxa6 59. Rc2 Rb6 60. Ra2
a6 61. Ra4 Be8 62. Nc5 Ne6 63. Bxa6 Nxc5 64. bxc5 Rb3 65. Kf2 Rb2+ 66. Ke1 Bh5
67. Bd3 Be8 68. Ra8 Ke7 69. Bxf5 Rb5 70. Kd2 Rxc5 71. e4 dxe4 72. Bxe4 Bd7 73.
Kd3 Rh5 74. Ra7 Kd6 75. Ra6 Rh3+ 76. Kd4 Rb3 77. Bd3 Bc8 78. Ra7 Be6 79. Ra6
Bc8 80. Ra7 c5+ 81. Ke4 Bd7 82. Bc4 Bc6+ 83. Kf5 Rc3 84. Be2 c4 85. Ra2 Rc1 86.
Ra5 Rc2 87. Bf1 c3 88. Bc4 Rd2 89. Bb3 Rb2 90. Bd1 c2 91. Bxc2 Rxc2 92. Re5
Bd7+ 93. Ke4 Rf2 94. Rg5 Be6 95. Re5 Rf1 96. Rg5 Ke7 97. Re5 Kf6 98. Ra5 Re1+
99. Kf3 Rg1 100. Kf2 Rb1 101. Kf3 Rb3+ 102. Ke4 Rb4+ 103. Kf3 Rd4 104. Ke3 Rd6
105. Ke4 Rd1 106. Re5 Bg4 107. Rg5 Re1+ 108. Kd4 Bf5 109. Rg8 Re4+ 110. Kc5
Rxf4 0-1

[Event "Gibraltar Masters 15th"]
[Site "Caleta"]
[Date "2017.01.26"]
[Round "3"]
[White "Cuenca Jimenez, Jose Fernando"]
[Black "Sutovsky, Emil"]
[Result "0-1"]
[WhiteElo "2492"]
[BlackElo "2628"]
[PlyCount "86"]
[EventDate "2017.01.24"]
[EventType "swiss"]
[EventRounds "10"]
[EventCountry "ENG"]
[SourceTitle "CBM 177"]
[Source "ChessBase"]
[SourceDate "2017.03.16"]
[SourceVersion "1"]
[SourceVersionDate "2017.03.16"]
[SourceQuality "1"]

1. e4 e5 2. Nf3 Nc6 3. Bb5 a6 4. Bxc6 dxc6 5. O-O f6 6. d4 exd4 7. Nxd4 c5 8.
Nb3 Qxd1 9. Rxd1 Bd7 10. Nc3 O-O-O 11. Be3 b6 12. a4 a5 13. Nb5 Ne7 14. Nd2 g5
15. e5 fxe5 16. Nc4 Nc6 17. Bxg5 Re8 18. c3 Rg8 19. Be3 Bg4 20. Re1 Rd8 21. Nd2
Bh3 22. g3 Be7 23. Ne4 h5 24. Na3 Be6 25. Nb1 h4 26. Nbd2 Nd4 27. cxd4 cxd4 28.
Rac1 dxe3 29. Rxe3 Rd4 30. Nf3 Rxa4 31. Nxe5 hxg3 32. hxg3 Bb4 33. Nc6 Rh8 34.
Nf6 Bd2 35. Ne7+ Kb8 36. Nc6+ Kb7 37. Rxe6 Bxc1 38. b3 Ra3 39. Ne4 Rh6 40. Nd8+
Kc8 41. Re8 Kd7 42. Rg8 Rxb3 43. Nf7 Re6 0-1

[Event "Gibraltar Masters 15th"]
[Site "Caleta"]
[Date "2017.01.27"]
[Round "4"]
[White "Thavandiran, Shiyam"]
[Black "Cuenca Jimenez, Jose Fernando"]
[Result "0-1"]
[WhiteElo "2367"]
[BlackElo "2492"]
[PlyCount "122"]
[EventDate "2017.01.24"]
[EventType "swiss"]
[EventRounds "10"]
[EventCountry "ENG"]
[SourceTitle "CBM 177"]
[Source "ChessBase"]
[SourceDate "2017.03.16"]
[SourceVersion "1"]
[SourceVersionDate "2017.03.16"]
[SourceQuality "1"]

1. e4 e6 2. d4 d5 3. Nd2 c5 4. Ngf3 cxd4 5. Nxd4 Nf6 6. exd5 Nxd5 7. N2f3 Bb4+
8. Bd2 O-O 9. Be2 Bxd2+ 10. Qxd2 b6 11. c4 Nf6 12. O-O Bb7 13. Rfd1 a6 14. a4
a5 15. b4 Qe7 16. bxa5 bxa5 17. Ne5 Ne4 18. Qe3 Nc5 19. Bf3 Bxf3 20. Qxf3 Nba6
21. Nec6 Qg5 22. Nxa5 Nb4 23. Ndb3 h6 24. Qc3 Nba6 25. Nc6 Rfc8 26. Ncd4 Ne4
27. Qf3 Qg6 28. Rdc1 Nac5 29. Nxc5 Nxc5 30. a5 Ra6 31. Nb3 Qg5 32. Nxc5 Rxc5
33. Qc3 Rcxa5 34. Rxa5 Qxa5 35. Qxa5 Rxa5 36. c5 Kf8 37. f4 Ke7 38. Kf2 Kd7 39.
c6+ Kc7 40. Rd1 Kxc6 41. Rd8 g5 42. g3 Ra2+ 43. Kf3 gxf4 44. gxf4 Rxh2 45. f5
Rh5 46. fxe6 fxe6 47. Ke4 Rd5 48. Rh8 h5 49. Rh6 Kd6 50. Rh7 Rf5 51. Rh8 Ke7
52. Rh7+ Kf6 53. Rh6+ Kf7 54. Rh7+ Kg6 55. Re7 Rf6 56. Ke5 h4 57. Re8 Kg5 58.
Rh8 Rh6 59. Rg8+ Rg6 60. Ra8 h3 61. Ra1 h2 0-1

[Event "Gibraltar Masters 15th"]
[Site "Caleta"]
[Date "2017.01.28"]
[Round "5"]
[White "Cuenca Jimenez, Jose Fernando"]
[Black "Matlakov, Maxim"]
[Result "0-1"]
[WhiteElo "2492"]
[BlackElo "2701"]
[PlyCount "106"]
[EventDate "2017.01.24"]
[EventType "swiss"]
[EventRounds "10"]
[EventCountry "ENG"]
[SourceTitle "CBM 177"]
[Source "ChessBase"]
[SourceDate "2017.03.16"]
[SourceVersion "1"]
[SourceVersionDate "2017.03.16"]
[SourceQuality "1"]

1. d4 Nf6 2. c4 e6 3. Nc3 Bb4 4. Qc2 d5 5. cxd5 exd5 6. Bg5 h6 7. Bh4 g5 8. Bg3
Nc6 9. e3 h5 10. h3 Ne4 11. Bh2 Qe7 12. Nf3 g4 13. Ne5 g3 14. Bxg3 Nxg3 15.
Nxc6 bxc6 16. fxg3 Qxe3+ 17. Qe2 Qe7 18. Qxe7+ Kxe7 19. Bd3 Rg8 20. Kf2 Bd6 21.
Rhe1+ Be6 22. Ne2 Rg5 23. Rec1 Bd7 24. Rc3 Rag8 25. Rg1 Bxg3+ 26. Nxg3 Rxg3 27.
Be2 h4 28. Bf3 Kd6 29. Rd1 R3g6 30. Rdc1 Rb8 31. b3 a5 32. a4 Rb4 33. Rd1 Rg8
34. Rd2 Bf5 35. Ke3 Rgb8 36. Kf4 Bh7 37. Kg5 Rxb3 38. Rxb3 Rxb3 39. Kxh4 Rd3
40. Rxd3 Bxd3 41. Kg5 c5 42. dxc5+ Kxc5 43. h4 Kd4 44. Kf6 c5 45. g4 c4 46. h5
c3 47. Bd1 Ke3 48. Kxf7 d4 49. h6 Kf4 50. Kf6 Be4 51. g5 d3 52. g6 c2 53. Bxc2
dxc2 0-1

[Event "Gibraltar Masters 15th"]
[Site "Caleta"]
[Date "2017.01.29"]
[Round "6"]
[White "Siva, Mahadevan"]
[Black "Cuenca Jimenez, Jose Fernando"]
[Result "1-0"]
[WhiteElo "2356"]
[BlackElo "2492"]
[PlyCount "105"]
[EventDate "2017.01.24"]
[EventType "swiss"]
[EventRounds "10"]
[EventCountry "ENG"]
[SourceTitle "CBM 177"]
[Source "ChessBase"]
[SourceDate "2017.03.16"]
[SourceVersion "1"]
[SourceVersionDate "2017.03.16"]
[SourceQuality "1"]

1. d4 Nf6 2. c4 g6 3. Nc3 Bg7 4. e4 d6 5. f3 O-O 6. Be3 c5 7. Nge2 Nc6 8. d5
Ne5 9. Ng3 h5 10. Be2 h4 11. Nf1 e6 12. f4 Nxc4 13. Bxc4 b5 14. Bxb5 exd5 15.
e5 Bg4 16. exf6 Bxd1 17. fxg7 Kxg7 18. Rxd1 d4 19. Rxd4 cxd4 20. Bxd4+ f6 21.
Ne3 Rb8 22. O-O Qa5 23. Bd3 Rb4 24. Nc4 Qh5 25. a3 Rb3 26. Bc2 Rb7 27. f5 h3
28. g3 d5 29. Nxd5 Qe2 30. Nce3 g5 31. Bc3 Rd7 32. Re1 Qb5 33. Be4 Rff7 34. Bf3
Rd6 35. Rd1 Rc6 36. Rd2 Rd7 37. Nxf6 Rxd2 38. Bxc6 Rg2+ 39. Bxg2 hxg2 40. Nfd5+
Kf7 41. Kxg2 Qe2+ 42. Kg1 g4 43. Nf1 a6 44. Nf4 Qd1 45. f6 Qf3 46. h3 Ke8 47.
hxg4 Qxg4 48. Kf2 Qd1 49. Ne3 Qh1 50. Nc4 Qh2+ 51. Kf3 Qh1+ 52. Kg4 Qc6 53. f7+
1-0

[Event "Gibraltar Masters 15th"]
[Site "Caleta"]
[Date "2017.01.30"]
[Round "7"]
[White "Cuenca Jimenez, Jose Fernando"]
[Black "Saravanan, Venkat"]
[Result "1/2-1/2"]
[WhiteElo "2492"]
[BlackElo "2306"]
[PlyCount "88"]
[EventDate "2017.01.24"]
[EventType "swiss"]
[EventRounds "10"]
[EventCountry "ENG"]
[SourceTitle "CBM 177"]
[Source "ChessBase"]
[SourceDate "2017.03.16"]
[SourceVersion "1"]
[SourceVersionDate "2017.03.16"]
[SourceQuality "1"]

1. c4 g6 2. g3 Bg7 3. Bg2 Nf6 4. Nc3 O-O 5. d4 d6 6. Nf3 Nc6 7. O-O a6 8. Bf4
Rb8 9. Rc1 h6 10. h3 g5 11. Bd2 e5 12. d5 Ne7 13. e4 b5 14. cxb5 axb5 15. b4 c6
16. dxc6 Nxc6 17. a3 Be6 18. h4 g4 19. Nh2 Nd4 20. Be3 Bb3 21. Qd2 Kh7 22. Bxd4
exd4 23. Ne2 Bc4 24. Rfe1 d3 25. Nf4 Ra8 26. Nxd3 Rxa3 27. Nb2 Be6 28. Nd3 Qb6
29. Nf1 Nh5 30. Ne3 Bd4 31. Kh2 Bxe3 32. Qxe3 Qxe3 33. Rxe3 Rfa8 34. Rc6 R8a6
35. Rxa6 Rxa6 36. e5 Kg7 37. exd6 Rxd6 38. Nc5 Bc4 39. Re4 f5 40. Re7+ Kf6 41.
Rc7 Rd2 42. Kg1 Rd1+ 43. Kh2 Rd2 44. Kg1 Rd1+ 1/2-1/2

[Event "Gibraltar Masters 15th"]
[Site "Caleta"]
[Date "2017.01.31"]
[Round "8"]
[White "Povah, Nigel Edward"]
[Black "Cuenca Jimenez, Jose Fernando"]
[Result "0-1"]
[WhiteElo "2298"]
[BlackElo "2492"]
[PlyCount "78"]
[EventDate "2017.01.24"]
[EventType "swiss"]
[EventRounds "10"]
[EventCountry "ENG"]
[SourceTitle "CBM 177"]
[Source "ChessBase"]
[SourceDate "2017.03.16"]
[SourceVersion "1"]
[SourceVersionDate "2017.03.16"]
[SourceQuality "1"]

1. d4 Nf6 2. Nf3 g6 3. Nc3 d5 4. Bf4 Bg7 5. Qd2 O-O 6. e3 c5 7. dxc5 Nbd7 8.
Na4 Ne4 9. Qb4 e5 10. Bg3 Qe7 11. c3 a5 12. Qb5 d4 13. Qc4 Nxg3 14. hxg3 dxe3
15. fxe3 e4 16. Nd2 Nf6 17. Nb6 Be6 18. Qb5 Rad8 19. Be2 Ng4 20. Nbc4 Rd5 21.
Qxa5 Rxc5 22. Qb6 Rc6 23. Qa5 b6 24. Qb5 Qc7 25. O-O Rc8 26. Bxg4 Bxg4 27. Na3
Rc5 28. Qb3 Be6 29. Qd1 Qxg3 30. Nxe4 Qxe3+ 31. Nf2 Rg5 32. Nc2 Qg3 33. Ne1 Be5
34. Nh1 Qh2+ 35. Kf2 Qh4+ 36. Ke3 Bf5 37. Qd5 Re8 38. Nf3 Bf4+ 39. Kd4 Be3# 0-1

[Event "Gibraltar Masters 15th"]
[Site "Caleta"]
[Date "2017.02.01"]
[Round "9"]
[White "Cuenca Jimenez, Jose Fernando"]
[Black "Kozak, Adam"]
[Result "1-0"]
[WhiteElo "2492"]
[BlackElo "2376"]
[PlyCount "117"]
[EventDate "2017.01.24"]
[EventType "swiss"]
[EventRounds "10"]
[EventCountry "ENG"]
[SourceTitle "CBM 177"]
[Source "ChessBase"]
[SourceDate "2017.03.16"]
[SourceVersion "1"]
[SourceVersionDate "2017.03.16"]
[SourceQuality "1"]

1. d4 d5 2. c4 e6 3. Nf3 Nf6 4. g3 dxc4 5. Bg2 Bd7 6. Ne5 Bc6 7. Nxc6 Nxc6 8.
O-O Qd7 9. e3 Rd8 10. Qe2 e5 11. Qxc4 exd4 12. Qb5 Nd5 13. Qxb7 Be7 14. Rd1 O-O
15. Qb3 Bf6 16. Na3 Nb6 17. Bd2 dxe3 18. Bxe3 Nd4 19. Bxd4 Bxd4 20. Nb5 c5 21.
Nxd4 cxd4 22. Rd3 Qe7 23. Rad1 Qc5 24. Qa3 Qxa3 25. Rxa3 Rd7 26. Bh3 f5 27.
Rad3 Nc4 28. Rxd4 Rxd4 29. Rxd4 Nxb2 30. Rd7 Rf7 31. Rd8+ Rf8 32. Rxf8+ Kxf8
33. Bxf5 h6 34. Bc2 Ke7 35. f4 g5 36. fxg5 hxg5 37. Kf2 Nc4 38. Bd3 Ne5 39. Be2
Ke6 40. Ke3 Kf5 41. Kd4 Ke6 42. Kc5 Kf5 43. Kd5 Nd7 44. Kc6 Nb6 45. Kb7 Na4 46.
Kxa7 Nc3 47. Bc4 Kg4 48. Be6+ Kf3 49. Kb6 g4 50. a3 Kg2 51. Kc5 Kxh2 52. Kb4
Ne2 53. Bxg4 Nd4 54. a4 Kg2 55. Bd7 Nf3 56. a5 Ne5 57. Be8 Ng4 58. a6 Nf6 59.
Bc6+ 1-0

[Event "Gibraltar Masters 15th"]
[Site "Caleta"]
[Date "2017.02.02"]
[Round "10"]
[White "Godart, Francois"]
[Black "Cuenca Jimenez, Jose Fernando"]
[Result "0-1"]
[WhiteElo "2381"]
[BlackElo "2492"]
[PlyCount "58"]
[EventDate "2017.01.24"]
[EventType "swiss"]
[EventRounds "10"]
[EventCountry "ENG"]
[SourceTitle "CBM 177"]
[Source "ChessBase"]
[SourceDate "2017.03.16"]
[SourceVersion "1"]
[SourceVersionDate "2017.03.16"]
[SourceQuality "1"]

1. d4 Nf6 2. Nf3 g6 3. Nbd2 d5 4. b4 a5 5. b5 Bg7 6. e3 c5 7. bxc6 Nxc6 8. c4
Bf5 9. cxd5 Nxd5 10. Bb2 Ndb4 11. e4 Nxd4 12. Bxd4 Bxd4 13. exf5 Bxa1 14. Bb5+
Kf8 15. a3 Bc3 16. axb4 Qd5 17. Qe2 Bxd2+ 18. Nxd2 Qxg2 19. Qf3 Qxf3 20. Nxf3
axb4 21. O-O gxf5 22. Rb1 Rg8+ 23. Kf1 Rg4 24. Ne5 Re4 25. Nd7+ Kg7 26. f3 Rh4
27. Rb2 Ra1+ 28. Kg2 b3 29. Kg3 Ra2 0-1

[Event "Buenos Aires La Porta Cup"]
[Site "Buenos Aires"]
[Date "2017.03.25"]
[Round "2"]
[White "Anelli, Antonio"]
[Black "Cuenca Jimenez, Jose Fernando"]
[Result "1/2-1/2"]
[WhiteElo "2101"]
[BlackElo "2479"]
[PlyCount "60"]
[EventDate "2017.03.25"]
[EventType "swiss"]
[EventRounds "9"]
[EventCountry "ARG"]
[SourceTitle "CBM 177 Extra"]
[Source "ChessBase"]
[SourceDate "2017.04.27"]
[SourceVersion "1"]
[SourceVersionDate "2017.04.27"]
[SourceQuality "1"]

1. d4 Nf6 2. c4 g6 3. Nc3 Bg7 4. e4 d6 5. f3 O-O 6. Be3 c5 7. Nge2 Nc6 8. d5
Ne5 9. Ng3 h5 10. Be2 h4 11. Nf1 e6 12. h3 exd5 13. cxd5 Nh7 14. f4 Nd7 15. Nd2
f5 16. exf5 gxf5 17. O-O a6 18. a4 Re8 19. Bf2 Bd4 20. Nf3 Bxf2+ 21. Rxf2 Ndf8
22. Qd2 Bd7 23. Bd3 Qf6 24. a5 Re7 25. Rb1 Rc8 26. Ne2 Ng6 27. b3 Kf8 28. Rc1
Qf7 29. Bc4 Qg7 30. Bd3 Nf6 1/2-1/2

[Event "Buenos Aires La Porta Cup"]
[Site "Buenos Aires"]
[Date "2017.03.26"]
[Round "4"]
[White "Ocantos, Manuel"]
[Black "Cuenca Jimenez, Jose Fernando"]
[Result "0-1"]
[WhiteElo "2213"]
[BlackElo "2479"]
[PlyCount "42"]
[EventDate "2017.03.25"]
[EventType "swiss"]
[EventRounds "9"]
[EventCountry "ARG"]
[SourceTitle "CBM 177 Extra"]
[Source "ChessBase"]
[SourceDate "2017.04.27"]
[SourceVersion "1"]
[SourceVersionDate "2017.04.27"]
[SourceQuality "1"]

1. c4 Nf6 2. Nc3 g6 3. e4 d6 4. d4 Bg7 5. Nf3 O-O 6. Be2 Bg4 7. Be3 Nfd7 8. Rc1
e5 9. dxe5 dxe5 10. O-O Nc6 11. Qb3 Rb8 12. Rfd1 Bxf3 13. Bxf3 Nd4 14. Qa3 a6
15. c5 Nxf3+ 16. gxf3 c6 17. Rd6 Qc8 18. Rcd1 Nf6 19. Kg2 Ne8 20. R6d3 Nc7 21.
Na4 Nb5 0-1

[Event "Buenos Aires La Porta Cup"]
[Site "Buenos Aires"]
[Date "2017.03.27"]
[Round "5"]
[White "Cuenca Jimenez, Jose Fernando"]
[Black "Paveto, Kevin"]
[Result "1-0"]
[WhiteElo "2479"]
[BlackElo "2409"]
[PlyCount "71"]
[EventDate "2017.03.25"]
[EventType "swiss"]
[EventRounds "9"]
[EventCountry "ARG"]
[SourceTitle "CBM 177 Extra"]
[Source "ChessBase"]
[SourceDate "2017.04.27"]
[SourceVersion "1"]
[SourceVersionDate "2017.04.27"]
[SourceQuality "1"]

1. Nf3 Nf6 2. c4 g6 3. Nc3 d5 4. cxd5 Nxd5 5. Qb3 Nb6 6. d4 Bg7 7. Bf4 Be6 8.
Qa3 Nc6 9. e3 O-O 10. Be2 a5 11. Qc5 Nd5 12. Nxd5 Qxd5 13. Qc1 Nb4 14. O-O c5
15. a3 Nc6 16. dxc5 Rad8 17. Ng5 Bc8 18. Rd1 Qf5 19. Rxd8 Rxd8 20. Bc4 e6 21.
Ba2 Qd3 22. Bd6 Be5 23. Bxe5 Nxe5 24. Nh3 Qd2 25. Qxd2 Rxd2 26. b4 axb4 27.
axb4 Bd7 28. f3 Nd3 29. Bc4 Nxb4 30. Rb1 Nc2 31. Rb2 Ba4 32. Nf2 Rd7 33. Ra2
Nxe3 34. Rxa4 Rc7 35. Nd3 Rd7 36. Bb5 1-0

[Event "Buenos Aires La Porta Cup"]
[Site "Buenos Aires"]
[Date "2017.03.28"]
[Round "6"]
[White "Flores, Diego"]
[Black "Cuenca Jimenez, Jose Fernando"]
[Result "1/2-1/2"]
[WhiteElo "2568"]
[BlackElo "2479"]
[PlyCount "92"]
[EventDate "2017.03.25"]
[EventType "swiss"]
[EventRounds "9"]
[EventCountry "ARG"]
[SourceTitle "CBM 177 Extra"]
[Source "ChessBase"]
[SourceDate "2017.04.27"]
[SourceVersion "1"]
[SourceVersionDate "2017.04.27"]
[SourceQuality "1"]

1. c4 Nf6 2. g3 g6 3. Bg2 Bg7 4. Nf3 O-O 5. O-O d6 6. Nc3 e5 7. d3 Nc6 8. Rb1
a5 9. a3 Re8 10. Bg5 h6 11. Bxf6 Bxf6 12. b4 axb4 13. axb4 Bg7 14. b5 Ne7 15.
Qb3 c6 16. Nd2 Be6 17. Rfc1 d5 18. Qb4 Nf5 19. bxc6 bxc6 20. Qb7 Ne7 21. cxd5
cxd5 22. Nb5 Rb8 23. Qa7 Qb6 24. Qxb6 Rxb6 25. Nc7 Reb8 26. Nxe6 Rxb1 27. Rxb1
Rxb1+ 28. Nxb1 fxe6 29. e4 dxe4 30. Bxe4 Kf7 31. Nd2 Nf5 32. Kg2 Kf6 33. h4 h5
34. Bc6 Bh6 35. Ne4+ Ke7 36. Bb5 Nd6 37. Nxd6 Kxd6 38. Be8 g5 39. Kh3 Ke7 40.
hxg5 Bxg5 41. Bxh5 Kf6 42. Kg4 Bd2 43. Kf3 Ba5 44. Ke4 Be1 45. f4 Bxg3 46.
fxe5+ Bxe5 1/2-1/2